00460nam a22001457a 4500020001800000040000900018082001900027100002200046245004500068260003500113300002900148942001200177999001900189952010600208 a9787513817387 cNUST a915.1035 bSIN aSinolingua986449 aChina close-up: bLiving Chinese Culture aBeijing: bSinolingua ,c2019. a159p :bPaperbackc24cm. 2ddccBK c587331d587331 00102ddc4070aSMMEbSMMEcGENd2021-12-10l0o915.1035 SINpSMME-3650r2021-12-10w2021-12-10yBK